Arganda del Rey / (Record no. 151860)

MARC details
000 -LEADER
campo de control de longitud fija 00805nam a22002175i 4500
001 - NÚMERO DE CONTROL
campo de control 151860
003 - IDENTIFICADOR DE NÚMERO DE CONTROL
campo de control ES-MaACL
005 - FECHA Y HORA DE LA ÚLTIMA TRANSACCIÓN
campo de control 20251126141328.0
008 - DATOS DE LONGITUD FIJA--INFORMACIÓN GENERAL
campo de control de longitud fija 940301s1890 sp b |||| | spa d
040 ## - FUENTE DE CATALOGACIÓN
Centro catalogador/agencia de origen CAM
Lengua de catalogación spa
100 1# - ENTRADA PRINCIPAL--NOMBRE DE PERSONA
Nombre de persona Benito Alfaro, Alfonso.
9 (RLIN) 125913
245 10 - MENCIÓN DEL TÍTULO
Título Arganda del Rey /
Mención de responsabilidad, etc. por Alfonso Benito Alfaro...
260 ## - PUBLICACIÓN, DISTRIBUCIÓN, ETC.
Lugar de publicación, distribución, etc. Madrid :
Nombre del editor, distribuidor, etc. [s.n.],
Fecha de publicación, distribución, etc. 1890 (
Fabricante E. Rubiños)
300 ## - DESCRIPCIÓN FÍSICA
Extensión IX, 110 p., [1] h. de map. pleg. ;
Dimensiones 18 cm.
490 1# - MENCIÓN DE SERIE
Mención de serie Biblioteca de la Provincia de Madrid: Crónica general de sus pueblos ;
Designación de volumen o secuencia 6
650 #7 - PUNTO DE ACCESO ADICIONAL DE MATERIA--TÉRMINO DE MATERIA
Término de materia o nombre geográfico como elemento de entrada Arganda del Rey-
Subdivisión general Descripción
Fuente del encabezamiento o término
9 (RLIN) 135598
700 11 - ENTRADA AGREGADA--NOMBRE PERSONAL
Nombre de persona Rubiños, E.,
Término indicativo de función/relación
9 (RLIN) 132156
830 0# - PUNTO DE ACCESO ADICIONAL DE SERIE-TÍTULO UNIFORME
Título uniforme Biblioteca de la Provincia de Madrid: Crónica general de sus pueblos ;
Designación de volumen o secuencia 6
9 (RLIN) 187684
852 ## - LOCALIZACIÓN
Ubicación ES-MaACL
Número de control de estantería G-252
Nota libre -- Rúst.
Holdings
Estatus retirado Estado de pérdida Estado de daño No para préstamo Colección Biblioteca de origen Biblioteca actual Ubicación en estantería Fecha de adquisición Fuente de adquisición Total de préstamos Signatura topográfica completa Código de barras Visto por última vez Precio de reemplazo Tipo de ítem Koha
        Libros del s. XIX Biblioteca del Ateneo de Madrid Biblioteca del Ateneo de Madrid Depósito 2 17/01/2008     G-252 1158502 23/02/2023 23/02/2023 Libro impreso antiguo